Indicators of Startup in Gastronomy Services

V posledných rokoch rezonuje slovo startup a stáva sa predmetom inovácií, tvorivosti a úspechov. Formálne a neformálne združenia, investičné skupiny, centrá technológií, gastronomické služby. Začínajúce firmy, ktoré priniesli nové trendy do gastronomických služieb v posledných mesiacoch.

Salvato in:
Dettagli Bibliografici
Autore principale: Bednár, Richard, 1985-
Natura: Capitolo di libro
Lingua:inglese
Soggetti:
Tags: Aggiungi Tag
Nessun Tag, puoi essere il primo ad aggiungerne!!

MARC

LEADER 00000naa a2200000 4500
001 0229039
005 20240502073756.6
041 0 |a eng 
044 |a SK 
245 1 0 |a Indicators of Startup in Gastronomy Services  |c Richard Bednár 
520 |a V posledných rokoch rezonuje slovo startup a stáva sa predmetom inovácií, tvorivosti a úspechov. Formálne a neformálne združenia, investičné skupiny, centrá technológií, gastronomické služby. Začínajúce firmy, ktoré priniesli nové trendy do gastronomických služieb v posledných mesiacoch. 
610 2 0 |a start-up 
610 2 0 |a inovácia 
610 2 0 |a inkubátory podnikateľské 
610 2 0 |a technológie nové 
610 2 0 |a služby nevýrobné 
610 2 0 |a gastronómia 
610 2 0 |a modely podnikateľské 
100 1 |a Bednár, Richard, 1985-